Dynamics of high-speed vehicles (Record no. 75665)
[ view plain ]
| 000 -LEADER | |
|---|---|
| fixed length control field | 00661nam a2200145 a 4500 |
| 008 - FIXED-LENGTH DATA ELEMENTS--GENERAL INFORMATION | |
| fixed length control field | 120416s0000 ||||||||||||||||| || u |
| 020 ## - INTERNATIONAL STANDARD BOOK NUMBER | |
| International Standard Book Number | 0387817190 |
| 050 ## - LIBRARY OF CONGRESS CALL NUMBER | |
| Classification number | TL 243 Dyn |
| 100 ## - MAIN ENTRY--PERSONAL NAME | |
| Personal name | Schiehlen, W. O |
| 245 10 - TITLE STATEMENT | |
| Title | Dynamics of high-speed vehicles |
| Statement of responsibility, etc. | edited by W.O. Schiehlen |
| 260 ## - PUBLICATION, DISTRIBUTION, ETC. | |
| Place of publication, distribution, etc. | New York |
| Name of publisher, distributor, etc. | Springer-Verlag |
| Date of publication, distribution, etc. | 1982 |
| 350 ## - | |
| -- | 0.00 |
| 995 ## - | |
| -- | MAIN LIBRARY OPEN ACCESS |
| -- | 0.00 |
| -- | 728557 |
| -- | CBU-MAIN LIBRARY (Kitwe) |
| -- | 1 |
| -- | 46.00 |
| -- | TL 243 Dyn |
| -- | 1 |
| -- | AVAILABLE |
| -- | 021131 |
| -- | Main Library Open Access Collection |
| 995 ## - | |
| -- | MAIN LIBRARY OPEN ACCESS |
| -- | 0.00 |
| -- | 728558 |
| -- | CBU-MAIN LIBRARY (Kitwe) |
| -- | 2 |
| -- | 46.00 |
| -- | TL 243 Dyn |
| -- | 2 |
| -- | AVAILABLE |
| -- | 021130 |
| -- | Main Library Open Access Collection |
| 999 ## - | |
| -- | 75665 |
| -- | 75665 |
| Withdrawn status | Lost status | Source of classification or shelving scheme | Damaged status | Not for loan | Permanent Location | Current Location | Shelving location | Date acquired | Total Checkouts | Full call number | Barcode | Date last seen | Copy number | Price effective from | Koha item type |
|---|---|---|---|---|---|---|---|---|---|---|---|---|---|---|---|
| CBU-MAIN LIBRARY, KITWE. | CBU-MAIN LIBRARY, KITWE. | 04/24/2023 | TL 243 Dyn | 021131 | 04/24/2023 | 1 | 04/24/2023 | MONOGRAPH | |||||||
| CBU-MAIN LIBRARY, KITWE. | CBU-MAIN LIBRARY, KITWE. | 04/24/2023 | TL 243 Dyn | 021130 | 04/24/2023 | 2 | 04/24/2023 | MONOGRAPH |